000 00831nam a22002777a 4500
001 9596
003 FISKH
005 20260126084053.0
008 260126b cb ||||| |||| 00| 0 eng d
020 _a9780571191475
040 _aFISKH
_beng
_cFISKH
_dFISKH
050 _aPR6013 .O35
082 _a823.914
100 _aGolding, William
_eAuthor
245 _aLord of the flies /
_cWilliam Golding
260 _aLondon :
_bFaber and Faber Limited ,
_c1954
300 _a225 pages :
_c20 cm
505 _aR
520 _aThe classic study of human nature which depicts the degeneration of a group of schoolboys marooned on a desert island.
521 8 _a770
_bLexile
521 8 _aR
_bRaz-Plus
650 _aBritish literature
_vChildren
650 _aHuman nature
_vIsland
942 _2ddc
_cBK
_n0
999 _c9596
_d9596